Online Catalogue and eLibrary

Race, gender, sexuality, and social class : (Record no. 5901)

MARC details
000 -LEADER
fixed length control field 00776cam a2200241 i 4500
001 - CONTROL NUMBER
control field 18664479
005 - DATE AND TIME OF LATEST TRANSACTION
control field 20240614011722.0
008 - FIXED-LENGTH DATA ELEMENTS--GENERAL INFORMATION
fixed length control field 150618s2016 caua b 000 0 eng
020 ## - INTERNATIONAL STANDARD BOOK NUMBER
ISBN 9781483374956
040 ## - CATALOGING SOURCE (பட்டியலாக்க மூலம்)
Original cataloging agency DLC
Language of cataloging eng
Transcribing agency DLC
Description conventions rda
Modifying agency DLC
082 00 - DDC Classification
Class No. 305.800973
DDC Edition Number 23
Item Number - Author Mark RAC
245 00 - TITLE STATEMENT
Title Race, gender, sexuality, and social class :
Remainder of title dimensions of inequality and identity /
250 ## - EDITION STATEMENT
Edition statement Second edition.
260 ## - PUBLICATION, DISTRIBUTION, ETC.
Place of publication, distribution, etc. California
Name of publisher, distributor, etc. SAGE Publications
Date of publication, distribution, etc. 2016
300 ## - PHYSICAL DESCRIPTION
Extent (e.g. Volumes, Pages etc.) xxvii, 627 pages :
500 ## - GENERAL NOTE
General note Revised edition of: Race, gender, sexuality, & social class : dimensions of inequality, published in 2013.
650 #0 - SUBJECT ADDED ENTRY--TOPICAL TERM
Topical term or geographic name entry element Race
650 #0 - SUBJECT ADDED ENTRY--TOPICAL TERM
Topical term or geographic name entry element Sex discrimination
650 #0 - SUBJECT ADDED ENTRY--TOPICAL TERM
Topical term or geographic name entry element Equality
650 #0 - SUBJECT ADDED ENTRY--TOPICAL TERM
Topical term or geographic name entry element Social classes
700 1# - ADDED ENTRY--PERSONAL NAME
Personal name Ferguson, Susan J.
Relator term (Role) Editor
942 ## - Koha item type (Biblio)
Koha item type Books in Stacks (Lending)

No items available.

© WERC Library